Southville International School and Colleges
Your cart is empty.
  • Cart
  • Lists
    Public lists Eva Luna New books Lux_list list_1
    Your lists Log in to create your own lists
  • Log in to your account
  • Your cookies
  • Search history
Southville International School and Colleges
  • Advanced search
  • Recent comments
  • Most popular
  • Libraries

Log in to your account

Log in with GOOGLE


If you do not have an external account, but do have a local account, you can still log in:

  1. Home
  2. MARC view: 40 ways to support struggling readers in content classrooms, grades 6-12 /
Normal view MARC view ISBD view

40 ways to support struggling readers in content classrooms, grades 6-12 / (Record no. 24778)

[ view plain ]
MARC details
000 -LEADER
fixed length control field 00625nam a2200205 a 4500
005 - DATE AND TIME OF LATEST TRANSACTION
control field 20140310183540.0
008 - FIXED-LENGTH DATA ELEMENTS--GENERAL INFORMATION
fixed length control field 111108s19uu xx 00 eng d
020 ## - INTERNATIONAL STANDARD BOOK NUMBER
International Standard Book Number 978-1-4129-5206-4
050 ## - LIBRARY OF CONGRESS CALL NUMBER
Classification number LBv 1632
Item number .M347 2007
100 ## - MAIN ENTRY--PERSONAL NAME
Personal name McEwan, Elaine K.
245 ## - TITLE STATEMENT
Title 40 ways to support struggling readers in content classrooms, grades 6-12 /
Statement of responsibility, etc Elaine K. McEwan.
260 ## - PUBLICATION, DISTRIBUTION, ETC. (IMPRINT)
Place of publication, distribution, etc California :
Name of publisher, distributor, etc Corwin Press,
Date of publication, distribution, etc 2007.
300 ## - PHYSICAL DESCRIPTION
Extent 169 p. :
Dimensions 25 cm.
521 ## - TARGET AUDIENCE NOTE
Target audience note
650 ## - SUBJECT ADDED ENTRY--TOPICAL TERM
Topical term or geographic name as entry element Reading (Secondary)
650 ## - SUBJECT ADDED ENTRY--TOPICAL TERM
Topical term or geographic name as entry element Reading
General subdivision Remedial teaching
650 ## - SUBJECT ADDED ENTRY--TOPICAL TERM
Topical term or geographic name as entry element Content area reading
942 ## - ADDED ENTRY ELEMENTS (KOHA)
Koha item type Books
Source of classification or shelving scheme Library of Congress Classification
Call number prefix Foreign
Holdings
Withdrawn status Lost status Source of classification or shelving scheme Damaged status Home library Current library Shelving location Date acquired Source of acquisition Total Checkouts Full call number Barcode Date last seen Copy number Price effective from Koha item type
    Library of Congress Classification   College Library College Library General Circulation Section 11/08/2011 Donation   LB 1632 .M347 2007 C13245 05/15/2018 1 03/10/2014 Books

40 ways to support struggling readers in content classrooms, grades 6-12 /

APA

McEwan E. K., . (2007). 40 ways to support struggling readers in content classrooms, grades 6-12. California: Corwin Press.

Chicago

McEwan Elaine K, . 2007. 40 ways to support struggling readers in content classrooms, grades 6-12. California: Corwin Press.

Harvard

McEwan E. K., . (2007). 40 ways to support struggling readers in content classrooms, grades 6-12. California: Corwin Press.

MLA

McEwan Elaine K, . 40 ways to support struggling readers in content classrooms, grades 6-12. California: Corwin Press. 2007.

  • Place hold
  • Print
  • Cite
  • Add to your cart (remove)
  • Save record
    BIBTEX Dublin Core MARCXML MARC (non-Unicode/MARC-8) MARC (Unicode/UTF-8) MARC (Unicode/UTF-8, Standard) MODS (XML) RIS
  • More searches
    Search for this title in:
    Other Libraries (WorldCat) Other Databases (Google Scholar) Online Stores (Bookfinder.com) Open Library (openlibrary.org)

Exporting to Dublin Core...

SOUTHVILLE LIBRARY

Southville International School and Colleges Library

1281 Tropical Ave. Cor. Luxembourg St., BF Homes International, Las Pinas City

Tel. No. 8256374 / 252358 Loc. 117/146

Powered by Koha